| 000 | 01057cam1a220025300 4500 | ||
|---|---|---|---|
| 001 | lce00633823 | ||
| 008 | 690424s1969 wiuab b 101 0 eng | ||
| 010 | _a 68009018 //r862 | ||
| 020 | _a0299050505 | ||
| 035 | _a(Sirsi) r52627 | ||
| 035 | _a(DLC) 68009018 //r862 | ||
| 035 | _a(UPRA)lce00633823 | ||
| 050 | 0 |
_aQL696.A2 _bP44 |
|
| 082 | _a598.9 | ||
| 245 | 0 | 0 |
_aPeregrine falcon populations; _btheir biology and decline. _cEdited by Joseph J. Hickey. |
| 260 |
_aMadison, _bUniversity of Wisconsin Press, _c1969. |
||
| 500 | _a"Papers and discussions of a conference held by the University of Wisconsin from 29 August to 1 September 1965." | ||
| 504 | _aIncludes bibliographies. | ||
| 650 | 0 |
_aPeregrine falcon -- Congresses. _xPeregrine falcon -- Congresses. _6S7590.1 |
|
| 700 | 1 |
_aHickey, Joseph J. (Joseph James), 1907- _qHickey, Joseph J. (Joseph James), 1907- _dHickey, Joseph J. (Joseph James), 1907- _6A11200.1 |
|
| 710 | 2 |
_aUniversity of Wisconsin. _6A11201.1 |
|
| 949 |
_aQL696.A2 _wlcc _i-67015 _mMAIN _tBOOK _lON-SHELF |
||
| 004 | 52627 | ||
| 999 |
_c136404 _d136404 |
||